header

Coexistence of multiple Lotus Domino releases in an LPAR environment on the IBM eServer iSeries server (Record no. 211109)

MARC details
000 -LEADER
fixed length control field 01286nam a2200349Ia 4500
100 1# - MAIN ENTRY--AUTHOR NAME
Personal name Johng, Yessong.
245 10 - TITLE STATEMENT
Title Coexistence of multiple Lotus Domino releases in an LPAR environment on the IBM eServer iSeries server
260 ## - PUBLICATION, DISTRIBUTION, ETC. (IMPRINT)
Place of publication San Jose, CA :
Name of publisher IBM,
Year of publication c2003.
300 ## - PHYSICAL DESCRIPTION
Number of Pages x, 112 p. :
Other physical details ill.
490 1# - SERIES STATEMENT
Series statement Redbooks
500 ## - GENERAL NOTE
General note Includes index.
General note "March 2003."
650 #0 - SUBJECT ADDED ENTRY--TOPICAL TERM
Topical Term Data transmission systems.
Topical Term Client/server computing.
700 1# - ADDED ENTRY--PERSONAL NAME
Personal name Stamp, Colin.
Personal name Wertzler, Paul.
Personal name Wiener, Francine.
856 40 - ELECTRONIC LOCATION AND ACCESS
Uniform Resource Identifier http://site.ebrary.com/lib/rucke/Doc?id=10112615

No items available.

© 2026 Rongo University
Contact us: librarian | system librarian | Rongo university